India : Government and Economic Life in Ancient and Medieval Periods (Record no. 12885)

MARC details
000 -LEADER
fixed length control field 00385nam a22001457a 4500
003 - CONTROL NUMBER IDENTIFIER
control field OSt
008 - FIXED-LENGTH DATA ELEMENTS--GENERAL INFORMATION
fixed length control field 240831b |||||||| |||| 00| 0 eng d
020 ## - INTERNATIONAL STANDARD BOOK NUMBER
International Standard Book Number 9789354091292
082 ## - DEWEY DECIMAL CLASSIFICATION NUMBER
Classification number 330.954
Item number INI
100 ## - MAIN ENTRY--PERSONAL NAME
Personal name CHATTERJEE, Roma
245 ## - TITLE STATEMENT
Title India : Government and Economic Life in Ancient and Medieval Periods
260 ## - PUBLICATION, DISTRIBUTION, ETC. (IMPRINT)
Place of publication, distribution, etc Delhi:
Name of publisher, distributor, etc MIABGI,
Date of publication, distribution, etc 1981.
300 ## - PHYSICAL DESCRIPTION
Extent 93p.
942 ## - ADDED ENTRY ELEMENTS (KOHA)
Source of classification or shelving scheme Dewey Decimal Classification
Koha item type Text Books
Holdings
Withdrawn status Lost status Source of classification or shelving scheme Damaged status Not for loan Collection code Home library Current library Date acquired Source of acquisition Currency Cost, normal purchase price Bill Number Total Checkouts Full call number Acc. no. / Barcode Date last seen Actual Cost, discounted price Bill Date Koha item type
    Dewey Decimal Classification     IKS- Indian Knowledge System PIET C-LIBRARY PIET C-LIBRARY 31/08/2024 Zafaa Books and Distributors INR 90.00 ZBD0153   330.954 INI 38443 31/08/2024 72.00 24/08/2024 Text Books

Design & Developed by: PIET Central Library
R70 Miles Stone Pattikalyana Samalkha Panipat 132102
mail ID :- [email protected], Phone No:- 0180-2569700 Ex.216